[Event "MNT-chT"]
[Site "Herceg Novi"]
[Date "2007.09.07"]
[Round "5"]
[White "Vratonjic, Slobodan"]
[Black "Dragovic, Aleksandar"]
[Result "1/2-1/2"]
[WhiteElo "2453"]
[BlackElo "2278"]
[PlyCount "87"]
[EventDate "2007.09.03"]
[EventType "team-tourn"]
[EventRounds "9"]
[EventCountry "MNE"]
[SourceTitle "CBM 120 Extra"]
[Source "ChessBase"]
[SourceDate "2007.11.01"]
[SourceVersion "1"]
[SourceVersionDate "2007.11.01"]
[SourceQuality "1"]

1. e4 e6 2. d4 d5 3. Nc3 Bb4 4. e5 c5 5. a3 Bxc3+ 6. bxc3 Qa5 7. Bd2 Qa4 8. Qg4 g6 9. Qd1 b6 10. Qb1 Ba6 11. Qb3 Qxb3 12. cxb3 Bxf1 13. Kxf1 Nc6 14. Nf3 Na5 15. Rb1 c4 16. b4 Nb3 17. a4 Nxd2+ 18. Nxd2 a6 19. g3 h5 20. Kg2 Ne7 21. h3 Kf8 22. Nf3 Kg7 23. Ng5 Raf8 24. Rbe1 Kh6 25. f4 Kg7 26. Nf3 Rh6 27. Kf2 Ra8 28. Rhg1 Re8 29. Nd2 Rd8 30. Re3 Re8 31. Rf3 Reh8 32. Nf1 R6h7 33. g4 hxg4 34. hxg4 Rh1 35. Rxh1 Rxh1 36. Kg2 Rh4 37. Ne3 f5 38. exf6+ Kxf6 39. Rf1 Nc8 40. Rh1 Rxh1 41. g5+ Kg7 42. Kxh1 Nd6 43. Kg2 Ne4 44. Nd1 1/2-1/2

[Event "Herceg Novi Mimoza op"]
[Site "Herceg Novi"]
[Date "2002.02.08"]
[Round "7"]
[White "Dragovic, Aleksandar"]
[Black "Nestorovic, Dejan"]
[Result "0-1"]
[WhiteElo "2291"]
[BlackElo "2410"]
[PlyCount "106"]
[EventDate "2002.02.04"]
[EventType "swiss"]
[EventRounds "9"]
[EventCountry "YUG"]
[SourceTitle "CBM 086 Extra"]
[Source "ChessBase"]
[SourceDate "2002.03.14"]
[SourceVersion "1"]
[SourceVersionDate "2002.03.14"]
[SourceQuality "1"]

1. d4 Nf6 2. Nf3 g6 3. Bg5 Bg7 4. Nbd2 0-0 5. e3 d6 6. Bc4 c5 7. c3 Qc7 8. Qe2 b6 9. 0-0 Bb7 10. Rfc1 Nbd7 11. b4 Rac8 12. a4 Rfe8 13. h3 e5 14. dxe5 dxe5 15. e4 h6 16. Bxf6 Nxf6 17. b5 Rcd8 18. Ne1 h5 19. Rd1 Bh6 20. f3 h4 21. Nf1 Nh5 22. Nd3 Qe7 23. Ne3 Bxe3+ 24. Qxe3 Rd6 25. Rd2 Red8 26. Rad1 Kg7 27. Nf2 Nf4 28. Rxd6 Rxd6 29. Rxd6 Qxd6 30. Nd3 Nxd3 31. Qxd3 Qxd3 32. Bxd3 Bc8 33. Bc4 f5 34. Kf2 Kf6 35. Ke3 fxe4 36. fxe4 g5 37. Be2 g4 38. Bf1 Kg5 39. hxg4 Bxg4 40. Bc4 Bd1 41. Be6 Bxa4 42. c4 Bd1 43. Bd7 Bg4 44. Bc6 Be6 45. Bd5 Bc8 46. Bc6 a5 47. bxa6 Bxa6 48. Bd5 b5 49. cxb5 Bxb5 50. Kf3 c4 51. g3 hxg3 52. Kxg3 c3 53. Bb3 Bd3 0-1

[Event "Herceg Novi Mimoza op"]
[Site "Herceg Novi"]
[Date "2002.02.05"]
[Round "2"]
[White "Dragovic, Aleksandar"]
[Black "Savanovic, Aleksandar"]
[Result "0-1"]
[WhiteElo "2291"]
[BlackElo "2428"]
[PlyCount "76"]
[EventDate "2002.02.04"]
[EventType "swiss"]
[EventRounds "9"]
[EventCountry "YUG"]
[SourceTitle "CBM 086 Extra"]
[Source "ChessBase"]
[SourceDate "2002.03.14"]
[SourceVersion "1"]
[SourceVersionDate "2002.03.14"]
[SourceQuality "1"]

1. d4 d5 2. c4 e6 3. Nc3 Nf6 4. cxd5 exd5 5. Bg5 Be7 6. e3 c6 7. Bd3 0-0 8. Qc2 Nbd7 9. Nf3 Re8 10. 0-0 Nf8 11. h3 Be6 12. Ne5 N6d7 13. Bxe7 Rxe7 14. f4 f6 15. Nf3 Kh8 16. Qf2 Nb6 17. Kh2 Qc7 18. Rae1 Rae8 19. g4 Bd7 20. Kg2 c5 21. Nb5 Qc6 22. dxc5 Qxc5 23. Nbd4 Nc4 24. Bxc4 dxc4 25. Re2 Bc6 26. Nxc6 Qxc6 27. Kh2 Ne6 28. Rd1 Nxf4 29. Nd4 Qd6 30. Qxf4 Qxf4+ 31. exf4 Rxe2+ 32. Nxe2 Rxe2+ 33. Kg3 h6 34. Rb1 Re3+ 35. Kh4 g5+ 36. fxg5 hxg5+ 37. Kh5 Kg7 38. Rh1 Re8 0-1